Zjedz to, ubierz to lub jedź tym - Statystyki

Ogólne statystyki
  • Ten quiz został rozwiązany 4 395 razy
  • Średni wynik to 12 z 15
Statystyki odpowiedzi
Zagadnienie Odpowiedź % Poprawnych
Krawat Ubrać
99%
Barszcz Zjeść
99%
Citroën Jedź tym
98%
Bugatti Jedź tym
98%
Pierogi Zjeść
98%
Škoda Jedź tym
97%
Tiramisu Zjedz
97%
Sznycel Zjeść
97%
Chorizo Zjeść
90%
Sashimi Zjeść
80%
Łada Jedź tym
77%
Dhoti Ubrać
58%
Obi Ubrać
54%
Serape Ubrać
52%
Zapatos Ubrać
49%
Nie znaleziono quizów pasujących do podanych kryteriów
Rozkład punktacji
Procent ludzi z każdym wynikiem
Percentyl według liczby udzielonych odpowiedzi
Twoja historia wyników
Nie rozwiązałeś tego quizu